Większy czy Mniejszy od Polski? - Statystyki

Ogólne statystyki
  • Ten quiz został rozwiązany 78 razy
  • Średni wynik to 7 z 11
Statystyki odpowiedzi
Zagadnienie Odpowiedź % Poprawnych
Portugalia Mniejszy
96%
Irlandia Mniejszy
96%
Nowa Zelandia Mniejszy
76%
Liban Mniejszy
68%
Kongo Większy
64%
Japonia Większy
64%
Włochy Mniejszy
56%
Somalia Większy
52%
Filipiny Mniejszy
48%
Wielka Brytania Mniejszy
44%
Wybrzeże Kości Słoniowej Większy
32%
Nie znaleziono quizów pasujących do podanych kryteriów
Rozkład punktacji
Procent ludzi z każdym wynikiem
Percentyl według liczby udzielonych odpowiedzi
Twoja historia wyników
Nie rozwiązałeś tego quizu